<?xml version="1.0" encoding="UTF-8"?>
<record
    xmlns:xsi="http://www.w3.org/2001/XMLSchema-instance"
    xsi:schemaLocation="http://www.loc.gov/MARC21/slim http://www.loc.gov/standards/marcxml/schema/MARC21slim.xsd"
    xmlns="http://www.loc.gov/MARC21/slim">

  <leader>02198nam a2200277 i 4500</leader>
  <controlfield tag="003">DO-SdBNP</controlfield>
  <controlfield tag="005">20250528102319.0</controlfield>
  <controlfield tag="007">ta</controlfield>
  <controlfield tag="008">250528b2024    dr ||||| |||| 00| 0 spa d</controlfield>
  <datafield tag="020" ind1=" " ind2=" ">
    <subfield code="a">9789945639391</subfield>
  </datafield>
  <datafield tag="040" ind1=" " ind2=" ">
    <subfield code="a">DO-SdBNP</subfield>
    <subfield code="b">spa</subfield>
    <subfield code="c">BNPHU </subfield>
    <subfield code="e">rda</subfield>
  </datafield>
  <datafield tag="041" ind1=" " ind2=" ">
    <subfield code="a">spa</subfield>
  </datafield>
  <datafield tag="082" ind1=" " ind2="4">
    <subfield code="a">xxx</subfield>
    <subfield code="b">M385a 2024</subfield>
    <subfield code="2">22</subfield>
  </datafield>
  <datafield tag="100" ind1="1" ind2=" ">
    <subfield code="d">1917-1976 </subfield>
    <subfield code="a">Mart&#xED;nez Bonilla, Carmen Natalia, </subfield>
    <subfield code="e">autor</subfield>
    <subfield code="4">aut.</subfield>
    <subfield code="9">87898</subfield>
  </datafield>
  <datafield tag="245" ind1="1" ind2="0">
    <subfield code="a">Alma adentro /</subfield>
    <subfield code="c">Carmen Natalia ; pr&#xF3;logo de Miguel D. Mena ; direcci&#xF3;n general por Nurys del Carmen Gonz&#xE1;lez ; direcci&#xF3;n editorial por Miguelina Crespo ; consultora editorial Emilia Pereyra ; l&#xED;nea gr&#xE1;fica Ana Zadya Gerardino ; dise&#xF1;o de interiores y portada Julissa Ivor Medina ; diagramaci&#xF3;n Daniel Bison&#xF3; ; correcci&#xF3;n por Vivian Jim&#xE9;nez</subfield>
  </datafield>
  <datafield tag="264" ind1=" " ind2="4">
    <subfield code="a">Santo Domingo :</subfield>
    <subfield code="b">Instituto Superior de Formaci&#xF3;n Docente Salom&#xE9; Ure&#xF1;a (ISFODOSU), </subfield>
    <subfield code="c">&#xA9;2024.</subfield>
  </datafield>
  <datafield tag="300" ind1=" " ind2=" ">
    <subfield code="a">102 p&#xE1;ginas :</subfield>
    <subfield code="c">23 cm. </subfield>
  </datafield>
  <datafield tag="490" ind1="0" ind2=" ">
    <subfield code="a">Colecci&#xF3;n cl&#xE1;sicos Dominicanos</subfield>
  </datafield>
  <datafield tag="490" ind1="0" ind2=" ">
    <subfield code="a">Serie III. Poes&#xED;a</subfield>
  </datafield>
  <datafield tag="500" ind1=" " ind2=" ">
    <subfield code="a">Incluye datos biogr&#xE1;ficos de la autora en la paginas 101-102</subfield>
  </datafield>
  <datafield tag="505" ind1=" " ind2=" ">
    <subfield code="a">Presentaci&#xF3;n 9 -- Pr&#xF3;logo 11 -- El pa&#xED;s de las hadas: Caperucita Roja 21 -- Caperucita Azul 23 -- Dulce Blanca Nieves 24 -- Plegaria 25 -- La Bella Durmiente 27 -- El Patito Feo 29 -- La hora azul: Ma&#xF1;anita clara 35 --- La siembra 37 -- Resurrecci&#xF3;n 39 -- Nochebuena 41 -- La mano que da 42 -- Mi risa 43 -- Invencible 45 -- Haz que florezcan mis manos 47 -- Tu palabra 49 -- La hora gris: No digas a nadie 55 -- Martirio 56 -- El ensue&#xF1;o roto 58 -- Deja que descanse 59 -- Coraz&#xF3;n 61 -- Hoy soy ave cansada 62 -- Revelaci&#xF3;n 64 -- De regreso 65 -- Mi dolor en tus ojo 67 -- La dicha 68 -- La suprema ley 69 -- Quiero hallar el misterio 71 -- Persuasi&#xF3;n 72 -- Las inciertas palabras 74 -- Pobre coraz&#xF3;n m&#xED;o 76 -- &#xBF;Por qu&#xE9;? 77 -- Angustia 79 -- Girones de cielo: Aleluya 83 -- M&#xED;rame 85 -- Abuelo 87 -- Ojitos 89 -- El divino milagro 91 -- Fantas&#xED;a 94 -- Arrullo 96 -- El sublime temor 97 -- Por el ni&#xF1;o 99 -- Biograf&#xED;a de Carmen Natalia Mart&#xED;nez Bonilla 101</subfield>
  </datafield>
  <datafield tag="590" ind1=" " ind2=" ">
    <subfield code="a">Inventariado, 2025 /LP</subfield>
  </datafield>
  <datafield tag="700" ind1="1" ind2=" ">
    <subfield code="a">Mena, Miguel D.</subfield>
    <subfield code="e">prologuista</subfield>
    <subfield code="4">pr.</subfield>
    <subfield code="9">29501</subfield>
  </datafield>
  <datafield tag="910" ind1=" " ind2=" ">
    <subfield code="a">LP</subfield>
  </datafield>
  <datafield tag="942" ind1=" " ind2=" ">
    <subfield code="2">ddc</subfield>
    <subfield code="c">LBS1</subfield>
  </datafield>
  <datafield tag="952" ind1=" " ind2=" ">
    <subfield code="0">0</subfield>
    <subfield code="1">0</subfield>
    <subfield code="2">ddc</subfield>
    <subfield code="5">1</subfield>
    <subfield code="7">0</subfield>
    <subfield code="8">PD</subfield>
    <subfield code="a">BNPHU</subfield>
    <subfield code="b">BNPHU</subfield>
    <subfield code="c">HD</subfield>
    <subfield code="d">2025-02-05</subfield>
    <subfield code="e">Dep&#xF3;sito Legal</subfield>
    <subfield code="l">0</subfield>
    <subfield code="o">xxx M385a 2024</subfield>
    <subfield code="p">2025-2230</subfield>
    <subfield code="r">2025-03-21</subfield>
    <subfield code="w">2025-03-21</subfield>
    <subfield code="y">LBS1</subfield>
  </datafield>
  <datafield tag="952" ind1=" " ind2=" ">
    <subfield code="0">0</subfield>
    <subfield code="1">0</subfield>
    <subfield code="2">ddc</subfield>
    <subfield code="5">1</subfield>
    <subfield code="7">0</subfield>
    <subfield code="8">PD</subfield>
    <subfield code="a">BNPHU</subfield>
    <subfield code="b">BNPHU</subfield>
    <subfield code="c">HD</subfield>
    <subfield code="d">2025-02-05</subfield>
    <subfield code="e">Dep&#xF3;sito Legal</subfield>
    <subfield code="l">0</subfield>
    <subfield code="o">xxx M385a 2024</subfield>
    <subfield code="p">2025-2231</subfield>
    <subfield code="r">2025-03-21</subfield>
    <subfield code="t">e.2</subfield>
    <subfield code="w">2025-03-21</subfield>
    <subfield code="y">LBS1</subfield>
  </datafield>
  <datafield tag="952" ind1=" " ind2=" ">
    <subfield code="0">0</subfield>
    <subfield code="1">0</subfield>
    <subfield code="2">ddc</subfield>
    <subfield code="5">6</subfield>
    <subfield code="7">0</subfield>
    <subfield code="8">DS</subfield>
    <subfield code="a">BNPHU</subfield>
    <subfield code="b">BNPHU</subfield>
    <subfield code="c">HD</subfield>
    <subfield code="d">2025-02-05</subfield>
    <subfield code="e">Dep&#xF3;sito Legal</subfield>
    <subfield code="l">0</subfield>
    <subfield code="o">xxx M385a 2024</subfield>
    <subfield code="p">2025-2232</subfield>
    <subfield code="r">2025-03-21</subfield>
    <subfield code="t">e.3</subfield>
    <subfield code="w">2025-03-21</subfield>
    <subfield code="y">LBS1</subfield>
  </datafield>
  <datafield tag="999" ind1=" " ind2=" ">
    <subfield code="c">58517</subfield>
    <subfield code="d">58517</subfield>
  </datafield>
</record>
